中国地级行政区 5分钟速打挑战 Chinese prefecture-level regions in 5min - Statistics

General Stats
  • This quiz has been taken 2 070 times
  • The average score is 104 of 391
Answers on the Map
Answers color-coded by a green-red scale on the quiz's map according to % correct below.
 
Answer Stats
行政区 % Correct
北京
82%
上海
79%
天津
73%
广州
70%
重庆
68%
南京
67%
杭州
66%
苏州
66%
济南
64%
深圳
64%
青岛
63%
成都
61%
福州
60%
武汉
60%
哈尔滨
57%
沈阳
55%
长沙
55%
郑州
55%
厦门
54%
石家庄
54%
西安
54%
大连
53%
烟台
52%
常州
51%
南昌
51%
台州
51%
无锡
51%
徐州
51%
南通
50%
宁波
50%
太原
50%
威海
50%
长春
50%
连云港
49%
拉萨
48%
盐城
48%
合肥
47%
呼和浩特
47%
泰州
47%
温州
46%
扬州
46%
昆明
45%
台北
45%
乌鲁木齐
45%
香港特别行政区
45%
南宁
44%
泉州
44%
张家口
44%
澳门特别行政区
43%
东莞
43%
洛阳
43%
唐山
43%
镇江
43%
承德
42%
湖州
42%
吉林
42%
嘉兴
42%
汕头
42%
绍兴
42%
宿迁
42%
西宁
42%
保定
41%
金华
41%
兰州
41%
廊坊
41%
日照
41%
邯郸
40%
衢州
40%
德州
39%
佛山
39%
海口
39%
丽水
39%
秦皇岛
39%
潍坊
39%
漳州
39%
沧州
38%
潮州
38%
淮安
38%
齐齐哈尔
38%
舟山
38%
珠海
38%
淄博
38%
东营
37%
赣州
37%
贵阳
37%
济宁
37%
临沂
37%
三明
37%
汕尾
37%
湛江
37%
邢台
36%
滨州
35%
惠州
35%
南阳
35%
莆田
35%
三亚
35%
泰安
35%
中山
35%
大同
34%
衡水
34%
银川
34%
包头
33%
菏泽
33%
宁德
33%
安阳
32%
海西蒙古族藏族自治州
32%
通辽
32%
芜湖
32%
榆林
32%
枣庄
32%
海东
31%
海南藏族自治州
31%
江门
31%
揭阳
31%
九江
31%
龙岩
31%
梅州
31%
南平
31%
韶关
31%
延安
31%
大庆
30%
大兴安岭地区
30%
桂林
30%
海北藏族自治州
30%
呼伦贝尔
30%
开封
30%
宿州
30%
甘孜藏族自治州
29%
锦州
29%
马鞍山
29%
清远
29%
台中
29%
咸阳
29%
阿坝藏族羌族自治州
28%
鞍山
28%
黑河
28%
淮北
28%
佳木斯
28%
聊城
28%
柳州
28%
台南
28%
信阳
28%
肇庆
28%
株洲
28%
宝鸡
27%
滁州
27%
大理白族自治州
27%
丹东
27%
葫芦岛
27%
淮南
27%
黄山
27%
酒泉
27%
绵阳
27%
日喀则
27%
阳江
27%
宜昌
27%
云浮
27%
阿拉善盟
26%
阿里地区
26%
蚌埠
26%
高雄
26%
景德镇
26%
茂名
26%
铁岭
26%
湘潭
26%
宜春
26%
运城
26%
安庆
25%
赤峰
25%
鄂尔多斯
25%
汉中
25%
河源
25%
鹤壁
25%
鹤岗
25%
晋城
25%
晋中
25%
荆州
25%
三门峡
25%
十堰
25%
襄阳
25%
延边朝鲜族自治州
25%
白城
24%
白山
24%
郴州
24%
抚州
24%
黄冈
24%
鸡西
24%
辽阳
24%
林芝
24%
攀枝花
24%
七台河
24%
双鸭山
24%
朔州
24%
忻州
24%
新乡
24%
伊春
24%
岳阳
24%
张家界
24%
驻马店
24%
昌都
23%
朝阳
23%
抚顺
23%
衡阳
23%
黄石
23%
牡丹江
23%
那曲
23%
山南
23%
上饶
23%
营口
23%
玉树藏族自治州
23%
长治
23%
亳州
22%
德阳
22%
临汾
22%
六安
22%
盘锦
22%
平顶山
22%
濮阳
22%
商丘
22%
北海
21%
本溪
21%
常德
21%
鄂州
21%
恩施土家族苗族自治州
21%
广元
21%
嘉峪关
21%
焦作
21%
丽江
21%
凉山彝族自治州
21%
四平
21%
天水
21%
铜陵
21%
乌海
21%
武威
21%
锡林郭勒盟
21%
许昌
21%
宣城
21%
鹰潭
21%
玉林
21%
张掖
21%
周口
21%
池州
20%
防城港
20%
阜阳
20%
果洛藏族自治州
20%
怀化
20%
吉安
20%
荆门
20%
泸州
20%
吕梁
20%
湘西土家族苗族自治州
20%
兴安盟
20%
阳泉
20%
宜宾
20%
遵义
20%
安康
19%
百色
19%
达州
19%
阜新
19%
黄南藏族自治州
19%
喀什地区
19%
漯河
19%
商洛
19%
乌兰察布
19%
仙桃
19%
济源
18%
乐山
18%
辽源
18%
六盘水
18%
南充
18%
萍乡
18%
黔东南苗族侗族自治州
18%
黔西南布依族苗族自治州
18%
钦州
18%
邵阳
18%
神农架林区
18%
绥化
18%
随州
18%
天门
18%
通化
18%
铜川
18%
渭南
18%
孝感
18%
新北
18%
新余
18%
雅安
18%
自贡
18%
阿勒泰地区
17%
广安
17%
哈密
17%
黔南布依族苗族自治州
17%
石嘴山
17%
松原
17%
台东县
17%
西双版纳傣族自治州
17%
咸宁
17%
伊犁哈萨克自治州
17%
益阳
17%
永州
17%
巴彦淖尔
16%
白银
16%
崇左
16%
甘南藏族自治州
16%
红河哈尼族彝族自治州
16%
花莲县
16%
金昌
16%
陇南
16%
潜江
16%
庆阳
16%
吐鲁番
16%
梧州
16%
巴音郭楞蒙古自治州
15%
毕节
15%
固原
15%
和田地区
15%
娄底
15%
眉山
15%
内江
15%
三沙
15%
桃园
15%
吴忠
15%
中卫
15%
资阳
15%
阿克苏地区
14%
巴中
14%
儋州
14%
定西
14%
河池
14%
贺州
14%
基隆
14%
怒江傈僳族自治州
14%
平凉
14%
昭通
14%
安顺
13%
保山
13%
昌吉回族自治州
13%
迪庆藏族自治州
13%
克拉玛依
13%
曲靖
13%
遂宁
13%
铜仁
13%
文山壮族苗族自治州
13%
新竹
13%
新竹县
13%
楚雄彝族自治州
12%
贵港
12%
来宾
12%
普洱
12%
石河子
12%
德宏傣族景颇族自治州
11%
东方
11%
嘉义
11%
嘉义县
11%
临夏回族自治州
11%
南投县
11%
塔城地区
11%
玉溪
11%
金门县
10%
屏东县
10%
文昌
10%
临沧
9%
博尔塔拉蒙古自治州
8%
克孜勒苏柯尔克孜自治州
8%
连江县(马祖)
8%
五指山
8%
苗栗县
7%
澎湖县
7%
万宁
7%
宜兰县
7%
云林县
7%
彰化县
7%
阿拉尔
6%
白沙黎族自治县
6%
北屯
6%
琼海
6%
琼中黎族苗族自治县
6%
图木舒克
6%
保亭黎族苗族自治县
5%
澄迈县
5%
胡杨河
5%
昆玉
5%
陵水黎族自治县
5%
铁门关
5%
昌江黎族自治县
4%
可克达拉
4%
乐东黎族自治县
4%
临高县
4%
双河
4%
屯昌县
4%
五家渠
4%
定安县
3%
No matching quizzes found
Score Distribution
Percent of People with Each Score
Percentile by Number Answered
Your Score History
You have not taken this quiz